| 000 | 01037nam a2200289 i 4500 | ||
|---|---|---|---|
| 003 | DO-SdBNP | ||
| 005 | 20250624090715.0 | ||
| 007 | ta | ||
| 008 | 250624b2024 dr a|||| |||| 00| 0 spa d | ||
| 020 | _a9789945651232 | ||
| 040 |
_aDO-SdBNP _bspa _cBNPHU _erda |
||
| 082 |
_a342.7293 _bV297 _222 |
||
| 100 | 1 |
_aVargas Corona, Dulce María _eautora _4aut. _983463 |
|
| 245 | 1 | 3 |
_aLa constitución dominicana infantil / _cDulce María Vargas Corona |
| 250 | _aPrimera edición | ||
| 264 | 1 |
_aSanto Domingo : _bTribunal Constitucional de la República Dominicana, _bCentro de Estudios Constitucionales, _c2024. |
|
| 300 |
_a148 páginas ; _bilustraciones _c26 cm. |
||
| 336 |
_atexto _btxt _2rdacontent |
||
| 337 |
_asin mediación _bn _2rdamedia |
||
| 338 |
_avolumen _bnc _2rdacarrier |
||
| 590 | _aInventariado, 2025/ YL | ||
| 650 | 7 |
_aReformas constitucionales _985533 |
|
| 650 | 7 |
_aLiteratura infantil _92053 |
|
| 651 | 7 |
_aRepública Dominicana _xConstitución -- Literatura infantil _988172 |
|
| 910 | _aYLockward | ||
| 942 |
_2ddc _cLBS1 |
||
| 999 |
_c58684 _d58684 |
||